| 000 | 00503nam a22001697a 4500 | ||
|---|---|---|---|
| 005 | 20240219023048.0 | ||
| 008 | 240219b |||||||| |||| 00| 0 eng d | ||
| 020 | _a0195643321 | ||
| 082 |
_222 _a320. _bCIT. |
||
| 100 | _aMamdani, Mahmood. | ||
| 245 |
_aCitizen and subject : _bDecentralized Despotism and the legacy of late colonialism / _cMahmood, Mamdani. |
||
| 250 | _a1st. | ||
| 260 |
_a New Delhi : _boxford university press / _c1997. |
||
| 300 | _axii, 353 p., | ||
| 650 | _apolitics. | ||
| 942 | _cL | ||
| 999 |
_c425 _d425 |
||